000 00583nam a2200193Ii 4500
003 JO-AjNU
008 230605s9999||||xx |||||||||||||| ||und||
040 _aJO-AjNU
_bara
_erda
_cJO-AjNU
041 _aara
050 1 4 _aPN6519.A7.N3722 1900
100 3 _aناصيف،إميل,
_eauthor
_924175
245 0 0 _aأروع ما قيل من الأمثال
264 3 1 _aبيروت: دار الجيل، 1900
300 _a159ص
336 _atext
_btxt
_2rdacontent
337 _aunmediated
_bn
_2rdamedia
338 _avolume
_bnc
_2rdacarrier
650 4 _aأمثال شعبية
_924176
999 _aA8860
_c12428
_d12428